Tratado de ciencia y tecnología de las hortalizas: producción, composición, almacenamiento y procesado
Enregistré dans:
| Auteurs principaux: | , |
|---|---|
| Format: | Livre |
| Langue: | espagnol |
| Publié: |
Zaragoza
Acribia
2004
|
| Sujets: | |
| Tags: |
Ajouter un tag
Pas de tags, Soyez le premier à ajouter un tag!
|
MARC
| LEADER | 00000nam a2200000 a 4500 | ||
|---|---|---|---|
| 001 | UCI5237 | ||
| 003 | CL-VaPUC | ||
| 008 | 080314e20040000SP |||||||||||||||||spa|d | ||
| 020 | |a 8420010189 | ||
| 082 | 0 | 4 | |a 635.04 |b SAL |2 21 |
| 100 | 0 | |a Salunkhe, D, K |e author |9 527437 | |
| 700 | 0 | |a Kadam, S. S |e author |9 527438 | |
| 245 | 1 | 0 | |a Tratado de ciencia y tecnología de las hortalizas: producción, composición, almacenamiento y procesado |
| 300 | |a 739 p | ||
| 942 | |c BK | ||
| 945 | |d 20080314 00:00:00 |a jtorresc | ||
| 260 | |a Zaragoza |b Acribia |c 2004 | ||
| 650 | 0 | |a Horticultura |9 259721 | |
| 650 | 7 | |a DESARROLLO AGRICOLA |2 CL-VaPUC |9 259759 | |
| 650 | 0 | |a Hortalizas |9 259501 | |
| 650 | 0 | |a Propagación vegetativa |9 259683 | |
| 650 | 0 | |a Cosecha |9 259688 | |
| 650 | 0 | |a Cultivo |9 264268 | |
| 650 | 7 | |a PRODUCCION DE HOTALIZAS |2 CL-VaPUC |9 527439 | |
| 650 | 0 | |a Producción |9 263680 | |
| 650 | 0 | |a Almacenamiento |9 341876 | |
| 650 | 7 | |a PROCESO |2 CL-VaPUC |9 335377 | |
| 583 | |a last modification |c 20080314 00:00:00 |k Rodrigo Vera | ||
| 999 | |c 329000 |d 328998 | ||
| 952 | |0 0 |1 0 |4 0 |6 635_040000000000000_SAL_2004 |7 0 |8 A |9 413240 |a BIBAGR |b BIBAGR |d 2019-11-22 |i 4414950 |o 635.04 SAL 2004 |p 4414950 |r 2025-01-20 |w 2019-11-22 |y BK |k AGR | ||